[Event "GER-ch U12"]
[Site "Willingen"]
[Date "2022.06.07"]
[Round "4"]
[White "Draude, Theo"]
[Black "Haertel, Leon"]
[Result "1/2-1/2"]
[WhiteElo "1397"]
[BlackElo "1536"]
[PlyCount "215"]
[EventDate "2022.06.04"]
[EventType "swiss"]
[EventRounds "9"]
[EventCountry "GER"]
[SourceTitle "CBM 208 Extra"]
[Source "ChessBase"]
[SourceDate "2022.07.31"]
[SourceVersion "1"]
[SourceVersionDate "2022.07.31"]
[SourceQuality "1"]

1. e4 c5 2. Nf3 e6 3. d4 cxd4 4. Nxd4 Nc6 5. Be3 Nf6 6. Bd3 Be7 7. 0-0 0-0 8. c4 Qc7 9. f4 Bc5 10. Nc2 Bxe3+ 11. Nxe3 Qb6 12. Qe2 Nb4 13. h3 Nxd3 14. Qxd3 Qxb2 15. Nc3 Qb6 16. Rab1 Qc6 17. e5 Ne8 18. f5 exf5 19. Ncd5 Qe6 20. Nxf5 b6 21. Rf4 Bb7 22. Re1 Rb8 23. Rg4 Kh8 24. Rh4 g6 25. Nd4 Bxd5 26. Nxe6 Bxe6 27. Qe3 h5 28. Qa3 Ng7 29. Qxa7 Nf5 30. Rhe4 Ra8 31. Qxb6 Rxa2 32. Qc5 Kg7 33. R4e2 Ra4 34. Rc2 Rfa8 35. Rec1 R8a5 36. Qc7 Ne3 37. Rc3 Nf5 38. c5 Nd4 39. Qd8 Ne2+ 40. Kh2 Nxc3 41. Rxc3 Ra8 42. Qf6+ Kh7 43. c6 dxc6 44. Rxc6 Ra2 45. Rd6 Rb2 46. Rd8 Rxd8 47. Qxd8 Re2 48. Qd4 Ra2 49. Kg3 Rc2 50. Qd3 Rb2 51. Qd4 Rb3+ 52. Kh4 Rb5 53. Kg5 Kg7 54. Qf4 Rd5 55. Qf6+ Kf8 56. Kh6 Ke8 57. Kg7 Kd7 58. Qg5 Kc6 59. g4 hxg4 60. hxg4 Rd4 61. Qc1+ Kd7 62. g5 Rd5 63. Kf6 Bf5 64. Qb2 Be6 65. Qb7+ Kd8 66. Qa7 Kc8 67. Qb6 Rd7 68. Kg7 Rd8 69. Kf6 Rd7 70. Qc6+ Rc7 71. Qa8+ Kd7 72. Kg7 Ke7 73. Qf8+ Kd7 74. Qd6+ Kc8 75. Kf8 Rd7 76. Qc6+ Kb8 77. Ke8 Rb7 78. Qd6+ Ka7 79. Kd8 Rb8+ 80. Ke7 Rb7+ 81. Kf6 Rb6 82. Qc7+ Ka6 83. Qc5 Kb7 84. Ke7 Ka6 85. Qa3+ Kb5 86. Qd3+ Kc5 87. Qe3+ Kb5 88. Kd8 Rb8+ 89. Kc7 Rc8+ 90. Kb7 Rc4 91. Qb6+ Ka4 92. Qa6+ Kb3 93. Kb6 Rb4+ 94. Kc5 Rc4+ 95. Kd6 Kc3 96. Qa3+ Kd4 97. Qf3 Rc3 98. Qe2 Re3 99. Qb2+ Ke4 100. Kc5 Kf4 101. Qd2 Kf3 102. Kd4 Re4+ 103. Kd3 Rxe5 104. Qd1+ Kf4 105. Qd2+ Kf5 106. Qg2 Rd5+ 107. Ke3 Re5+ 108. Kd3 1/2-1/2